000
00292nam a22001337a 4500
008
180315b xxu||||| |||| 00| 0 eng d
020
_a
9781592602551
041
_a
eng
080
_a
658
100
_a
54
101
_a
LED
245
_a
LEADING WITH INTEGRUTY
_c
REA.P
942
_2
udc
_c
BK
999
_c
45183
_d
45183